000 00476nam a2200205Ia 4500
008 210210b1909 xxu||||| |||| 00| 0 eng d
041 _aeng
082 _a826/3
100 _aBAINES (C E)
245 _aShort history of English literature
260 _aLondon
_bEdward Arnold
_c1909
650 _aShort
650 _aof
650 _aManual
650 _aliterature
650 _ahistory
650 _aEnglish
690 _aHistory of Literature
906 _a015552
999 _c134934
_d134934